Gaming Quiz

Random Gaming or Video Games Quiz

Fortnite Season 12 Skins Quiz Stats

 Plays Quiz not verified by Sporcle

Support Sporcle.
Go Orange.
Score 0/8 Timer 03:00
1 Play Today
% Correct
Gear Specialist Maya
90.6%
Agent Peely
88.6%
Deadpool
87.2%
Meowscles
87.1%
Brutus
86.8%
TNTina
85.8%
Midas
85.3%
Skye
83.5%

You're not logged in!

Compare scores with friends on all Sporcle quizzes.
OR
Log In

From the Vault

Slightly Off T-Shirts

by gazzso

Well, at least we're pretty sure that shirt came from the '90s.
Remove Ads.
Support Sporcle.
Get the best of Sporcle when you Go Orange. This ad-free experience offers more features, more stats, and more fun while also helping to support Sporcle. Thank you for becoming a member.

Show Comments

Extras

Top Quizzes Today


Score Distribution

Your Account Isn't Verified!

In order to create a playlist on Sporcle, you need to verify the email address you used during registration. Go to your Sporcle Settings to finish the process.

Report this User

Report this user for behavior that violates our Community Guidelines.

Details: